000 00653nam a2200205 i 4500
001 98518
003 ES-MaACL
005 20231229063025.0
007 t|
008 050929s1990 phl ||||1| spa d
020 _a971-538-000-X
080 _a821.134.2(599)-31"18"
100 1 _aRizal, José,
_d1861-1896
_997749
245 1 3 _aEl filibusterismo /
_cpor José Rizal.
260 _aManila :
_bInstituto Nacional de Historia,
_c1990.
300 _aIV, 286, 46 p. :
_bil. ;
_c23 cm.
500 _aImpresión al offset de la Edición Príncipe impresa en Gante en 1891.
852 _aES-MaACL
_jF-13509
_bR.136498
999 _c98518
_d98518